书目信息 |
| 题名: |
阅读策略与技巧
|
|
| 作者: | 王增奎 主编 | |
| 分册: | ||
| 出版信息: | 北京 中国大百科全书出版社 1993 |
|
| 页数: | 309页 | |
| 开本: | 19cm | |
| 丛书名: | ||
| 单 册: | ||
| 中图分类: | G79 , G019 | |
| 科图分类: | ||
| 主题词: | 读书方法 , 文化理论 | |
| 电子资源: | ||
| ISBN: | 7-5000-5118-2 | |
| 000 | 00692nam0 2200241 450 | |
| 001 | 1554943051 | |
| 005 | 20150118151611.14 | |
| 010 | @a7-5000-5118-2@dCNY5.80 | |
| 100 | @a20021005d1993 em y0chiy0110 ea | |
| 101 | 0 | @achi |
| 102 | @aCN@b110000 | |
| 105 | @ay z 000yy | |
| 200 | 1 | @a阅读策略与技巧@9yue du ce lue yu ji qiao@f王增奎等主编 |
| 210 | @a北京@c中国大百科全书出版社@d1993 | |
| 215 | @a309页@d19cm | |
| 330 | @a本书介绍了有关现代人阅读的36个策略,分为战略篇、方法篇、技巧篇、文体篇。 | |
| 606 | 0 | @a读书方法 |
| 606 | 0 | @a文化理论 |
| 690 | @aG79@v5 | |
| 690 | @aG019@v4 | |
| 701 | 0 | @a王增奎@9wang zeng kui@4主编 |
| 801 | 0 | @aCN@bTSSF@c20150118 |
| 905 | @aZUCC@dG019@eJY1 | |
| 阅读策略与技巧/王增奎等主编.-北京:中国大百科全书出版社,1993 |
| 309页;19cm |
| ISBN 7-5000-5118-2:CNY5.80 |
| 本书介绍了有关现代人阅读的36个策略,分为战略篇、方法篇、技巧篇、文体篇。 |
| ● |
| 相关链接 |
|
|
|
|
正题名:阅读策略与技巧
索取号:G019/JY1
 
预约/预借
| 序号 | 登录号 | 条形码 | 馆藏地/架位号 | 状态 | 备注 |
| 1 | 7849128 | 278491286 | 学院路分馆/ [索取号:G019/JY1] | 在馆 | |
| 2 | 7849129 | 278491295 | 学院路分馆/ [索取号:G019/JY1] | 在馆 |